000 00635cam a2200253 4500
001 M954
008 090401t1992 xxu||||| |||| 00| 0 eng d
035 _a(Sirsi) u6586
041 _aeng
050 _a333.3350212
100 _aTownsend-Rose, Jonathan C
245 _aLand statistics 1991.
260 _aLondon
_bCountry Landowners Association
_c1992
300 _a11p. ; 21cm.
350 _a3
490 _aCLA Publication
_vL2/91
650 _aFARM LAND
650 _aLAND PRICES
650 _aRENT
690 _aRURAL PRACTICE
710 _aCountry Landowners' Association
_92816
942 _n0
948 _c04/03/1997
999 _c86325
_d86325